| 000 | 00368nam a2200109Ia 4500 | ||
|---|---|---|---|
| 008 | 220216s9999 xx 000 0 und d | ||
| 100 | _aKunisawa S | ||
| 245 | 0 | _aPreparation and application of natural rubber- acrylamide block polymer | |
| 260 | _bProceedings of the Natural Rubber Research Conference, Kuala Lumpur, 1960; p537-550 | ||
| 700 | _aMinoura Y | ||
| 942 | _cJS | ||
| 999 |
_c65536 _d65536 |
||